000 00789nam a2200253Ia 4500
003 OSt
005 20220923212943.0
006 a|||||r|||| 00| 0
007 ta
008 220922b |||||||| |||| 00| 0 hin d
024 _a157,348
037 _cTextual
040 _aARTS
_cARTS
_bhin
041 _2hin
_ahin
082 _aO152:g(P:75), L3
100 _aलाल
_9159533
245 0 _aश्रृगांर रस माधुरी
246 _aShrṛugāanra ras mādhurī
260 _aऔरगाबाद
_b पदमाकर अनुसंधान शाला
_c1973
300 _a165 पृ.
_ccm.
650 _aहिन्दी साहित्य
_9156264
942 _hO152:g(P:75), L3
_cTEXL
_2CC
999 _c312565
_d312565